| 000 | 01396cam a22003374a 4500 | ||
|---|---|---|---|
| 999 |
_c6861 _d6861 |
||
| 001 | 12686076 | ||
| 003 | OSt | ||
| 005 | 20210412114033.0 | ||
| 008 | 020221s2002 enka b 000 0 eng | ||
| 010 | _a 2002002877 | ||
| 020 | _a1853839124 (pbk.) | ||
| 020 | _a1853839159 (hard) | ||
| 035 | _a(DLC) 2002002877 | ||
| 035 | _a(DLC)2011 | ||
| 040 |
_aDLC _cDLC _dDLC |
||
| 042 | _apcc | ||
| 082 | 0 | 0 | _a333.917BRO 2002 |
| 100 | 1 |
_aBrown, Katrina, _d1960- _914072 |
|
| 245 | 1 | 0 |
_aMaking waves : _bintegrating coastal conservation and development / _cKatrina Brown, Emma L. Tompkins, W. Neil Adger. |
| 260 |
_aLondon ; _aSterling, VA : _bEarthscan, _c2002. |
||
| 300 |
_axii, 164 p. : _bill. ; _c24 cm. |
||
| 504 | _aIncludes bibliographical references (p. 147-158) and index. | ||
| 505 | 0 | _aConservation and development -- Institutions in the coastal zone -- Making choices -- Tools for integration -- Doing trade-off analysis -- Building successful institutions -- Integrating conservation and development. | |
| 650 | 0 |
_aCoastal zone management. _914073 |
|
| 650 | 0 |
_aSustainable development. _91103 |
|
| 700 | 1 |
_aTompkins, Emma L., _d1966- _914074 |
|
| 700 | 1 |
_aAdger, W. Neil. _914075 |
|
| 906 |
_a7 _bcbc _corignew _d1 _eecip _f20 _gy-gencatlg |
||
| 942 |
_2ddc _cO_SHELF |
||